000 00548cam a2200145 4500500
005 20251012022904.0
041 _afre
042 _adc
100 1 0 _aFinco, Rita
_eauthor
245 0 0 _aDiack Safietou, Les jeunes de la rue à Dakar. Être faqman, entre marginalisation et reconnaissance sociale
260 _c2025.
500 _a57
786 0 _nCahiers d'études africaines | 257 | 1 | 2025-03-20 | p. 311-314 | 0008-0055
856 4 1 _uhttps://shs.cairn.info/revue-cahiers-d-etudes-africaines-2025-1-page-311?lang=fr&redirect-ssocas=7080
999 _c1540775
_d1540775